000 00446nam a22001577a 4500
005 20251108163354.0
008 250721s1993 xx 000 0 ara d
082 1 4 _a214.5/طيب
100 1 _aالطيبي، عكاشه عبد المنان
245 1 0 _aالشفاعة لمن تكون /
264 1 _aالقاهرة :
_bدار الاعتصام،
_c1993.
300 _a108ص
650 1 7 _aاليوم الآخر
942 _2ddc
_cBK
999 _c995
_d995